000 00355nam a2200133Ia 4500
008 151015s9999 xx 000 0 und d
020 _a013239300x
050 _aQA 76 .73C15 D44 2005
245 _aDeitel P.J
250 _a_C How to program P.J Deitel
260 _a5th ed.
300 _aNew Jersey Pearson Education 2007
500 _aIncludes index
999 _c2861
_d2861